000 00508nam a2200181 a 4500
001 468
003 CO-ViMGA
008 141112s2004 ck r 000 u spa d
040 _aCO-ViMGA
_bspa
_cCO-ViMGA
082 0 4 _a796.4 K715
100 1 _aKramer, Karl
_948284
245 1 0 _aAtletismo - lanzamientos :
_bfundamentos, habilidades, tecnicas
260 _aBarcelona :
_bPaidotribo,
_c1993
300 _a160 p : il
490 _aIniciación deportiva
650 1 4 _aATLETISMO - ENTRENAMIENTO
942 _2ddc
_cBK
999 _c12709
_d12709